An introduction to the study of cytology / (Record no. 69354)
[ view plain ]
| 000 -LEADER | |
|---|---|
| fixed length control field | 00667nam a22002292 4500 |
| 001 - CONTROL NUMBER | |
| control field | 69354 |
| 003 - CONTROL NUMBER IDENTIFIER | |
| rucl marc code | BD-RjUL |
| 005 - DATE AND TIME OF LATEST TRANSACTION | |
| control field | 20211209081856.0 |
| 008 - FIXED-LENGTH DATA ELEMENTS--GENERAL INFORMATION | |
| fixed length control field | 170411s1924 enkaf b 000 0 eng d |
| 035 ## - SYSTEM CONTROL NUMBER | |
| System control number | (BD-RjUL)69565 |
| 040 ## - CATALOGING SOURCE | |
| Original cataloging agency | CUV |
| Transcribing agency | CUV |
| Modifying agency | EQO |
| -- | BD-RjUL |
| Language of cataloging | eng |
| 041 ## - LANGUAGE CODE | |
| Language code of text/sound track or separate title | eng |
| 082 ## - DEWEY DECIMAL CLASSIFICATION NUMBER | |
| Edition number | 23 |
| Classification number | 571.6 |
| Author mark and year | DOI 1924 |
| 100 1# - MAIN ENTRY--PERSONAL NAME | |
| Personal name | Doncaster, L. |
| Fuller form of name | (Leonard), |
| Dates associated with a name | 1877-1920. |
| 9 (RLIN) | 205471 |
| 245 13 - TITLE STATEMENT | |
| Title | An introduction to the study of cytology / |
| Statement of responsibility, etc. | by L. Doncaster. |
| 250 ## - EDITION STATEMENT | |
| Edition statement | 2nd.ed |
| 260 ## - PUBLICATION, DISTRIBUTION, ETC. (IMPRINT) | |
| Place of publication, distribution, etc. | Cambridge : |
| Name of publisher, distributor, etc. | University Press, |
| Date of publication, distribution, etc. | 1924. |
| 300 ## - PHYSICAL DESCRIPTION | |
| Pagination | xiv, 280 p. : |
| Illustrations | ill. ; |
| Size | 23 cm. |
| 504 ## - BIBLIOGRAPHY, ETC. NOTE | |
| Bibliography, etc | Bibliography: p. [266]-275. |
| 650 #0 - SUBJECT ADDED ENTRY--TOPICAL TERM | |
| Topical term or geographic name as entry element | Cells. |
| 9 (RLIN) | 205472 |
| 942 ## - ADDED ENTRY ELEMENTS (KOHA) | |
| Source of classification or shelving scheme | Dewey Decimal Classification |
| Koha item type | Books |
| Lost status | Source of classification or shelving scheme | Damaged status | Not for loan | Collection code | Permanent Location | Current Location | Shelving location | Date acquired | Source of acquisition | Total Checkouts | Full call number | Date last seen | Copy number | Koha item type |
|---|---|---|---|---|---|---|---|---|---|---|---|---|---|---|
| Dewey Decimal Classification | Not For Loan | Non-fiction | Central Library, University of Rajshahi | Central Library, University of Rajshahi | Reading Room | 11/05/1976 | BNBC | 571.6 DOI 1924 | 11/04/2017 | C-1 | Books |